00939nam a22001577a 4500003000900000008004100009040007100050082002000121110005100141245016000192260005200352300005000404505028500454650001700739650002500756AR-CdUCM190311b ||||| |||| 00| 0 spa d aMUNICIPALIDAD PROVINCIAL DEL CUSCOcBIBLIOTECA MUNICIPAL DEL CUSCO a985.613 /bEX97 aMinisterio de Relaciones Exteriores del Perú aExpedición del Benemérito Señor Baltasar La Torre al río Madre de Dios y playas de los Sirineyris y su Trágico fin :bCorrespondencia (1872-1873) aLima :bDelSolArt Servicios Gráficos ;c2008. a90 páginas ;bFotografías. mapas,c24 cm. aContenido: El Cuzco y Machu Picchu en la cartografía peruana del siglo XIX -- Expedición del coronel don Baltasar La Torre a los valles de Paucartambo -- Oficios de Baltasar La Torre, Prefecto del Cuzco, a Mariano del Castillo y Ezequiel Yábar, subprefecto de Paucartambo... aExpedición aRío Madre de Dios